00351nam a2200121Ia 450000500170000000800410001708200130005810000180007124500360008926000300012530000190015550000550017420250117011207.0240331s9999 xx 000 0 und d bWIJa920 aWijesekera, N 0aSir D.B.Jayatilaka :bbiography aBorellabKithanjalic1973 aviii, 230 p ., aA biography and assessment of the man and his work